|
|
|
|
| LEADER |
02071nam a2200493 i 4500 |
| 001 |
EBC3440246 |
| 003 |
MiAaPQ |
| 005 |
20200520144314.0 |
| 006 |
m o d | |
| 007 |
cr cnu|||||||| |
| 008 |
150624t20152015enkao o 001 0 eng d |
| 020 |
|
|
|z 9781783741281
|
| 020 |
|
|
|z 9781783741274
|
| 020 |
|
|
|a 9781783741298 (e-book)
|
| 020 |
|
|
|z 9781783741304 (epub)
|
| 020 |
|
|
|z 9781783741311 (mobi)
|
| 035 |
|
|
|a (MiAaPQ)EBC3440246
|
| 035 |
|
|
|a (Au-PeEL)EBL3440246
|
| 035 |
|
|
|a (CaPaEBR)ebr11065686
|
| 035 |
|
|
|a (OCoLC)910991780
|
| 040 |
|
|
|a MiAaPQ
|b eng
|e rda
|e pn
|c MiAaPQ
|d MiAaPQ
|
| 043 |
|
|
|a e-uk-st
|
| 050 |
|
4 |
|a DA890.G5
|b .G677 2015
|
| 082 |
0 |
|
|a 779.99141443
|2 23
|
| 100 |
1 |
|
|a Gossman, Lionel,
|e author.
|
| 245 |
1 |
0 |
|a Thomas Annan of Glasgow :
|b pioneer of the documentary photograph /
|c Lionel Gossman.
|
| 264 |
|
1 |
|a Cambridge, England :
|b Open Book Publishers,
|c 2015.
|
| 264 |
|
4 |
|c 2015
|
| 300 |
|
|
|a 1 online resource (194 pages) :
|b illustrations (some color), photographs
|
| 336 |
|
|
|a text
|2 rdacontent
|
| 337 |
|
|
|a computer
|2 rdamedia
|
| 338 |
|
|
|a online resource
|2 rdacarrier
|
| 500 |
|
|
|a Includes index.
|
| 588 |
|
|
|a Description based on online resource; title from PDF title page (ebrary, viewed June 24, 2015).
|
| 590 |
|
|
|a Electronic reproduction. Ann Arbor, MI : ProQuest, 2015. Available via World Wide Web. Access may be limited to ProQuest affiliated libraries.
|
| 650 |
|
0 |
|a Streets
|z Scotland
|z Glasgow
|v Pictorial works.
|
| 650 |
|
0 |
|a Photographers
|z Scotland
|x History.
|
| 650 |
|
0 |
|a Photography
|z Scotland
|z Glasgow
|x History.
|
| 650 |
|
0 |
|a Documentary photography
|z Scotland
|z Glasgow
|x History.
|
| 651 |
|
0 |
|a Glasgow (Scotland)
|x History
|v Pictorial works.
|
| 655 |
|
4 |
|a Electronic books.
|
| 776 |
0 |
8 |
|i Print version:
|a Gossman, Lionel.
|t Thomas Annan of Glasgow : pioneer of the documentary photograph.
|d Cambridge, England : Open Book Publishers, c2015
|h x, 179 pages
|z 9781783741281
|
| 797 |
2 |
|
|a ProQuest (Firm)
|
| 856 |
4 |
0 |
|u https://ebookcentral.proquest.com/lib/matrademy/detail.action?docID=3440246
|z Click to View
|